Rekonštrukcia vykurovacej sústavy administratívnej budovy

Enregistré dans:
Détails bibliographiques
Auteur principal: Puková, Michaela (Auteur)
Autres auteurs: Füri, Mária (Directeur de thèse)
Format: Manuscrit Livre
Langue:slovaque
Publié: 2025
Sujets:
Accès en ligne:http://is.stuba.sk/zp/portal_zp.pl?podrobnosti=181843
CRZP
Tags: Ajouter un tag
Pas de tags, Soyez le premier à ajouter un tag!

MARC

LEADER 00000ntm a22000003a 4500
001 stuzp104240
003 SK-STU
005 20250731150745.7
007 ta
008 150427s2015----xo-----f-mn---000-0-slo-d
040 |a STU  |b slo 
041 0 |a slo 
100 1 |a Puková, Michaela  |u 010290  |4 aut  |U SvF Stavebná fakulta  |T SvF Katedra technických zariadení budov  |X 109968  |U V290  |Y 31  |7 109968 
242 0 1 |a Reconstruction of the heating system of the administrative building  |y eng 
245 1 0 |a Rekonštrukcia vykurovacej sústavy administratívnej budovy 
260 |c 2025 
650 4 |a reconstruction  |2 eng 
650 4 |a heating system  |2 eng 
650 4 |a hydraulic balancing  |2 eng 
650 4 |a Budova  |2 slo 
650 4 |a Objekt  |2 slo 
650 4 |a Zdroj tepla  |2 slo 
650 4 |a hydraulické vyregulovanie  |2 slo 
650 4 |a Armatúry  |2 slo 
650 4 |a Výpočet projektovaného tepelného príkonu  |2 slo 
650 4 |a vykurovacie telesá  |2 slo 
650 4 |a Vykurovacia sústava  |2 slo 
650 4 |a potrubie  |2 slo 
650 4 |a rekonštrukcia  |2 slo 
650 4 |a Tepelné straty  |2 slo 
700 1 |a Füri, Mária  |u 010290  |k Z1  |4 ths  |U SvF Stavebná fakulta  |T SvF Katedra technických zariadení budov  |X 792  |U V290  |Y 31  |7 A000000792 
856 4 |u http://is.stuba.sk/zp/portal_zp.pl?podrobnosti=181843 
856 4 |u https://opac.crzp.sk/?fn=detailBiblioForm&sid=809C367C54749DCAA741A9FF7E5A  |z CRZP